000 00467nam a2200193 a 4500
001 1767515828701
003 YourLibrary
005 20260105104358.0
008 260104s1997##################000#0#eng##
020 _a9780816035779
082 0 4 _a299.561
_bHAR
100 1 _aHartz, Paula,
_eauthor.
245 1 0 _aShinto :
260 _c1997.
300 _a128 pages
650 0 _aJuvenile Nonfiction.
942 _cENGLISH
040 _aYourLibrary
_beng
_cYourLibrary
999 _c607170
_d607170